000 01656nam2a22002651 4500
001 rc\4840734
005 20250612193600.0
021 _aRU
_bРг5848-66
035 _a(NLR Aleph) 008809899
090 _a8155228
_c8155228
100 _a20130426d1965 |||y0rusy50 ca
101 0 _arus
102 _aRU
105 _ay z |||||
200 1 _aСудовые трубопроводы и системы с аппаратами и арматурой
_e[Утв. 6/II 1965 г.]
_aРаздел 8. Электрооборудование
_e[Утв. 31/III 1965 г.]
210 _d1965
_aБ. м.
215 _a260 с.
_d15х22
300 _aОписано по обл. Каждый раздел имеет самостоят. тит. л.
461 0 _1001rc\4840732
_12001#$aПрейскурант типовых ремонтных работ для судов типа ПТ/X "Ленинский комсомол"$fСССР. М-во мор. флота. Черномор. мор. пароходство. Одес. судоремонтный завод № 1$vЧ. 2. Раздел 7
_98155218
_aЧерноморское морское пароходство
_cОдесса
_d1965
_fСССР. М-во мор. флота. Черномор. мор. пароходство. Одес. судоремонтный завод № 1
_nБ. и.
_tПрейскурант типовых ремонтных работ для судов типа ПТ/X "Ленинский комсомол"
_vЧ. 2. Раздел 7
517 0 _aЭлектрооборудование
801 0 _aRU
_bNLR
_gpsbo
801 1 _aRU
_bELAR
_2rusmarc
852 _aNLR
_jПт 90.1/216
942 _cBOOK
980 _aNB